| 000 | 00502nam a2200205Ia 4500 | ||
|---|---|---|---|
| 008 | 170918s9999 xx 000 0 und d | ||
| 020 | _a9781597072052 | ||
| 050 | _bS857gr 2010 | ||
| 100 | _aStilton, Geronimo | ||
| 245 | _aFollowing the trail of Marco Polo / | ||
| 245 | _cby Geronimo Stilton. | ||
| 260 | _aChina : | ||
| 260 | _bPapercutz, | ||
| 260 | _c2010 | ||
| 300 | _aunpaged : | ||
| 300 | _bcolor illustrations ; | ||
| 300 | _c23cm. | ||
| 300 | _eGeronimo Stilton ; | ||
| 440 | _a4 | ||
| 999 |
_c343659 _d343659 |
||